SEC, ACC, Big 10, or Big 12 - Statistics

General Stats
  • This quiz has been taken 36 times
  • The average score is 20 of 24
Answer Stats
Hint Answer % Correct
Ole Miss SEC
97%
Georgia SEC
97%
Arkansas SEC
93%
Michigan Big 10
90%
Kansas Big 12
90%
Auburn SEC
90%
North Carolina State ACC
87%
Florida State ACC
87%
Wisconsin Big 10
87%
Baylor Big 12
87%
Vanderbilt SEC
87%
Clemson ACC
83%
Virginia Tech ACC
83%
Oregon Big 10
83%
Michigan State Big 10
83%
Pittsburgh ACC
80%
Stanford ACC
80%
Northwestern Big 10
80%
Utah Big 12
80%
Arizona Big 12
80%
Kentucky SEC
80%
Rutgers Big 10
77%
Texas Tech Big 12
77%
West Virginia Big 12
77%
No matching quizzes found
Score Distribution
Percent of People with Each Score
Percentile by Number Answered
Your Score History
You have not taken this quiz